<?xml version="1.0" encoding="UTF-8"?>
<marc:record xmlns:marc="http://www.loc.gov/MARC21/slim">
   <marc:leader>00000nam a2200000 a 4500</marc:leader>
   <marc:datafield ind1="1" ind2=" " tag="100">
      <marc:subfield code="a">Neuffer, Sabine</marc:subfield>
      <marc:subfield code="4">aut</marc:subfield>
      <marc:subfield code="e">Verfasser/-in</marc:subfield>
   </marc:datafield>
   <marc:datafield ind1=" " ind2=" " tag="653">
      <marc:subfield code="a">Weihnachtsmann</marc:subfield>
   </marc:datafield>
   <marc:datafield ind1=" " ind2=" " tag="653">
      <marc:subfield code="a">Junge</marc:subfield>
   </marc:datafield>
   <marc:datafield ind1=" " ind2=" " tag="653">
      <marc:subfield code="a">Zweifel</marc:subfield>
   </marc:datafield>
   <marc:datafield ind1=" " ind2=" " tag="653">
      <marc:subfield code="a">Kinderbuch</marc:subfield>
   </marc:datafield>
   <marc:datafield ind1="0" ind2="0" tag="245">
      <marc:subfield code="a">Timmi und der Weihnachtsmann</marc:subfield>
   </marc:datafield>
   <marc:datafield ind1="0" ind2="0" tag="245">
      <marc:subfield code="c">Sabine Neuffer. Mit farbigen Bildern von Isabel Große Holtforth</marc:subfield>
   </marc:datafield>
   <marc:datafield ind1=" " ind2="1" tag="264">
      <marc:subfield code="a">Hamburg</marc:subfield>
      <marc:subfield code="b">Dressler</marc:subfield>
      <marc:subfield code="c">2008</marc:subfield>
   </marc:datafield>
   <marc:datafield ind1="1" ind2=" " tag="520">
      <marc:subfield code="a">Angaben aus der Verlagsmeldung

Timmi und der Weihnachtsmann / von Sabine Neuffer

Gibt es einen Weihnachtsmann? Wer glaubt hier noch an Wunder? Timmi freut sich auf Weihnachten! Sein Wunschzettel ist fertig, und er hat auch schon ein Geschenk für die Wichtel-Aktion in der Klasse besorgt. Jetzt fehlt nur noch der Weihnachtsmann! Doch dann behauptet sein Freund Jannik, dass es den gar nicht gibt. Was ist dann aber mit dem Weihnachtsmann in der Fußgängerzone? Und mit all den anderen aufregenden Weihnachtsgeheimnissen? Schweren Herzens beschließt Timmi, dass es zum Großwerden dazu gehört, nicht mehr an Wunder zu glauben. Doch dann klopft es Heiligabend plötzlich an die Tür … Eine Adventsgeschichte in 24 Kapiteln – wunderbar zum Vorlesen geeignet! Liebevoll erzählt und mit einem offenen Ende für alle, die noch weiterglauben möchten.
</marc:subfield>
   </marc:datafield>
   <marc:datafield ind1=" " ind2=" " tag="020">
      <marc:subfield code="a">9783791514093</marc:subfield>
      <marc:subfield code="9">9783791514093</marc:subfield>
   </marc:datafield>
   <marc:datafield ind1=" " ind2=" " tag="041">
      <marc:subfield code="a">ger</marc:subfield>
   </marc:datafield>
   <marc:datafield ind1=" " ind2=" " tag="300">
      <marc:subfield code="a">159 S.</marc:subfield>
   </marc:datafield>
</marc:record>
